Concepts of programming languages (Registro nro. 21567)

Detalles MARC
000 -Cabecera
Campo de control interno 00489nam a22002057a 4500
005 - Fecha y hora del registro
control field 20260314174832.0
008 - Elementos de Longitud Fija
fixed length control field 260314b |||||||| |||| 00| 0 spa d
041 ## - Idioma
Codigo Idioma ESP
082 ## - DEWEY y NOTACIÓN INTERNA
Dewey 005.133
Notación Interna S32
100 ## - AUTOR
Autor denominación Sebesta, Robert W.
Término de relación autor
245 ## - TÍTULO DE MATERIAL BIBLIOGRÁFICO
Título Concepts of programming languages
260 ## - CIUDAD, EDITORIAL, AÑO
Ciudad :
Nombre de la Editorial ,
Año 2008
300 ## - DESCRIPCIÓN
N° Páginas xvii, 745 páginas :
Otros detalles ;
Dimensiones 24 cm.
440 ## - MENCIÓN DE SERIE
Título de la Serie ;
650 ## - TEMAS
Temas Generalidades
654 ## - PROGRAMAS
Programa Dpto. de Computación
700 ## - OTROS AUTORES
Otros autores ;
942 ## - ELEMENTOS DE KOHA
Tipo de documento Libro
Nombre del creador Justo Noguera
Código de catalogador Justo Noguera
Suppress in OPAC No
Esquema de clasificación Dewey Decimal Classification
Existencias
Codigo completo Registro Colección Copia número Disponibilidad Tipo de préstamo Biblioteca Actual Procedencia (Biblioteca) Ubicacón Fecha Ingreso Tipo de Adquisición Date last seen Total checkouts Price effective from Tipo de Item Estado del Material Fuente de Clasificación Damaged status Withdrawn status
005.133 S32 1033534 Universidad Católica San Pablo 1 Disponible Disponible Víctor Andrés Belaunde Víctor Andrés Belaunde Segundo piso 14/03/2026 Compra 14/03/2026   14/03/2026 Libro Bueno Dewey Decimal Classification